000 00367nam a2200133Ia 4500
008 240624s9999 xx 000 0 und d
041 _aeng
082 _a658.4036 HAR
100 _aHARVARD BUSINESS SCHOOL PRESS
245 _aHARVARD BUSINESS REVIEW ON TEAMS THAT SU
260 _c2004
_aUSA
_bHarvard Businesss School Press
300 _a200p. ; 20cm.
365 _c
_b30
999 _c4619
_d4619